Airplanes in the Movies 🛩️ - Statistics

General Stats
  • This quiz has been taken 41 times
  • The average score is 10 of 18
Answer Stats
Year Hint Film % Correct
1986 Tom Cruise plays Navy pilot Maverick training at an elite fighter school Top Gun
97%
1980 Leslie Nielsen headlines this spoof about a traumatized pilot forced to land a plane Airplane!
87%
2006 Samuel L. Jackson battles deadly reptiles unleashed aboard a commercial flight Snakes on a Plane
84%
2022 Tom Cruise returns to train a new generation of fighter pilots Top Gun: Maverick
84%
2001 Ben Affleck and Josh Hartnett star in Michael Bay’s WWII epic Pearl Harbor
79%
2004 Leonardo DiCaprio plays aviation pioneer Howard Hughes The Aviator
76%
1997 Harrison Ford is a U.S. president fighting terrorists aboard his aircraft Air Force One
74%
2016 Tom Hanks portrays pilot Chesley Sullenberger of the Hudson River emergency landing Sully
71%
1997 Nicolas Cage plays a paroled convict aboard a hijacked prisoner transport flight Con Air
68%
1970 Burt Lancaster runs an airport as a bomber threatens a commercial flight Airport
55%
2012 Denzel Washington plays a troubled pilot investigated after a miraculous crash landing Flight
53%
2005 Rachel McAdams is terrorized mid-flight by Cillian Murphy in a Wes Craven thriller Red Eye
45%
1992 Wesley Snipes battles terrorists who hijack a commercial airliner Passenger 57
29%
2006 Real-time drama about passengers resisting the 9/11 hijackers United 93
29%
2005 Jodie Foster searches for her missing daughter on a transatlantic flight Flightplan
21%
1990 Matthew Modine leads a WWII bomber crew on their final mission over Nazi Germany Memphis Belle
21%
1996 Kurt Russell races to stop terrorists planning a chemical attack from a hijacked plane Executive Decision
13%
2019 Joseph Gordon-Levitt plays a pilot trapped in the cockpit during a hijacking 7500
3%
No matching quizzes found
Score Distribution
Percent of People with Each Score
Percentile by Number Answered
Your Score History
You have not taken this quiz